[Event "British Chess Championships 2023: U8 Championship"]
[Site "The Venue, De Montfort University, 20 Western Boulevard, Leicester, LE2 7BU"]
[Date "2023.07.28"]
[Round "6"]
[Board "4"]
[White "Mulukutla, Ayaansh"]
[Black "Cawdery, Mary"]
[Result "1-0"]
[WhiteElo "1522"]
[BlackElo "891"]
[PlyCount "0"]
[EventDate "2023.07.25"]
[EventRounds "7"]
[EventCountry "ENG"]

1. e4 e5 2. Nf3 Nc6 3. Bb5 a6 4. Ba4 Nf6 5. d3 h6 6. Bxc6 dxc6 7. Nxe5 Bc5 8. Be3
Bb6 9. Nd2 O-O 10. Qe2 Be6 11. Bxb6 cxb6 12. f4 Qd6 13. Nef3 Qxf4 14. O-O-O Qc7 15.
Nd4 Bg4 16. N4f3 Rfe8 17. h3 Bh5 18. g4 Bg6 19. Qh2 Qxh2 20. Rxh2 Rad8 21. Nc4 b5
22. Na5 Rd7 23. Nb3 b6 24. Nbd4 c5 25. Ne2 Rdd8 26. Kb1 Nd7 27. Nf4 Bh7 28. Nd5 Re6
29. Ne3 Ne5 30. Nxe5 Rxe5 31. Rf2 f6 32. Kc1 Kf7 33. c3 Ke6 34. Nf5 Bxf5 35. exf5+
Rxf5 36. gxf5+ Kf7 37. Kc2 g5 38. fxg6+ Kxg6 39. Rdf1  1-0

[Event "British Chess Championships 2023: U8 Championship"]
[Site "The Venue, De Montfort University, 20 Western Boulevard, Leicester, LE2 7BU"]
[Date "2023.07.28"]
[Round "6"]
[Board "5"]
[White "Konara, Nuvee"]
[Black "Makarabbi, Anvay"]
[Result "1-0"]
[WhiteElo "1272"]
[BlackElo "874"]
[PlyCount "0"]
[EventDate "2023.07.25"]
[EventRounds "7"]
[EventCountry "ENG"]

1. e4 e6 2. d4 d5 3. exd5 exd5 4. Nc3 Nf6 5. Nf3 Be6 6. Bg5 Nbd7 7. Qe2 c6 8. Qe3
Bd6 9. Bd3 Qc7 10. Bf5 O-O 11. Bxe6 fxe6 12. Qxe6+ Kh8 13. O-O Rae8 14. Qh3 Qb6 15.
Bxf6 Nxf6 16. Ng5 Qxb2 17. Qd3 Bb4 18. Ne2 Qa3 19. c3 Ba5 20. h4 h6 21. Nf3 b5 22.
Ne5 Rc8 23. Ng6+ Kg8 24. Nxf8 Rxf8 25. Rfb1 Ne4 26. Rb3 Qe7 27. f3 Nd6 28. Re1 Qxh4
29. Rbb1 Bc7 30. g3 Qf6 31. Nf4 Nb7 32. Qe3 Bxf4 33. Qxf4 Qxf4 34. gxf4 Rxf4 35.
Re3 Nd6 36. Kg2 Kf7 37. Rbe1 Nf5 38. Re8 b4 39. Rc8 bxc3 40. Rxc6 Rxd4 41. Rxc3 Rd2+
42. Kh3 Rxa2 43. Rc6 Ra3 44. Kg4 Ne7 45. Rc7 Ra4+ 46. Kg3 Kg6 47. Rcxe7 d4 48. R7e4
Kf5 49. Rd1 Kg6 50. Rexd4 Rxd4 51. Rxd4 a5 52. Ra4 h5 53. Rxa5 Kh6 54. Kh4 g6 55.
f4 Kg7 56. Kg5 h4 57. Ra6 h3 58. Rxg6+ Kf7 59. Rh6 h2 60. Rxh2 Kg7 61. Rh6 Kf7 62.
f5 Kg7 63. f6+ Kf7 64. Rh7+ Kg8 65. Kg6 Kf8 66. f7 Ke7 67. Rh8 Ke6 68. f8=Q Ke5 69.
Rh1 Ke4 70. Re1+ Kd5 71. Qd8+ Kc6 72. Rc1+ Kb7 73. Qd2 Kb6 74. Qb2+ Ka5 75. Ra1#
 1-0

[Event "British Chess Championships 2023: U8 Championship"]
[Site "The Venue, De Montfort University, 20 Western Boulevard, Leicester, LE2 7BU"]
[Date "2023.07.28"]
[Round "6"]
[Board "6"]
[White "Qin, Oscar"]
[Black "Ewart, Thomas"]
[Result "0-1"]
[WhiteElo "791"]
[BlackElo "1002"]
[PlyCount "0"]
[EventDate "2023.07.25"]
[EventRounds "7"]
[EventCountry "ENG"]

1. e4 e5 2. Nf3 Nc6 3. Nc3 Nf6 4. d4 exd4 5. Nxd4 Bc5 6. Be3 Nxd4 7. Bxd4 Bb6 8.
Bc4 O-O 9. e5 Re8 10. O-O Bxd4 11. Qxd4 Nh5 12. Rae1 Qg5 13. f4 Qh4 14. Re3 c5 15.
Qxc5 Nxf4 16. g3 Nh3+ 17. Kg2 Qh6 18. Bxf7+ Kh8 19. Bxe8 Qc6+ 20. Rff3 Qxc5 21. Kxh3
h6 22. Bg6 b6 23. Re2 Bb7 24. Rf7 Bd5 25. Rff2 Rf8 26. Rxf8+ Qxf8 27. Nxd5 Qf3 28.
Rd2 Qf1+  0-1

[Event "British Chess Championships 2023: U8 Championship"]
[Site "The Venue, De Montfort University, 20 Western Boulevard, Leicester, LE2 7BU"]
[Date "2023.07.28"]
[Round "6"]
[Board "7"]
[White "Gomez, Magnus"]
[Black "Saxena, Advik"]
[Result "0-1"]
[WhiteElo "990"]
[BlackElo "972"]
[PlyCount "0"]
[EventDate "2023.07.25"]
[EventRounds "7"]
[EventCountry "ENG"]

1. d4 Nf6 2. c4 e6 3. Nc3 Bb4 4. e3 b6 5. Bd3 Bb7 6. Nf3 O-O 7. Bd2 d5 8. a3 Bd6
9. b4 c5 10. Rb1 Qc7 11. h3 Nbd7 12. Qe2 Rfe8 13. O-O e5 14. Qd1 e4 15. cxd5 Bxd5
16. Nxd5 Nxd5 17. Bc4 exf3 18. Bxd5 fxg2 19. Bxg2 Rad8 20. Rc1 Bh2+ 21. Kh1 Qd6 22.
bxc5 bxc5 23. dxc5 Nxc5 24. Bb4 Qa6 25. Qc2 Nd3 26. Rcd1 Nxb4 27. axb4 Rxd1 28. Rxd1
Bd6 29. Qd2 Rd8 30. Bf1 Qc6+ 31. Bg2 Qb6 32. e4 Be7 33. Qc2 Rxd1+ 34. Qxd1 Bxb4 35.
Qb3 Qc5 36. Qa4 Qc1+ 37. Kh2 Bd6+ 38. e5 Bxe5+ 39. f4 Bxf4+ 40. Qxf4 Qxf4+ 41. Kh1
Kf8 42. Bf1 Qxf1+ 43. Kh2 a5 44. h4 a4 45. h5 a3 46. h6 a2 47. hxg7+ Kxg7 48. Kg3
a1=Q 49. Kh2 Qe5#  0-1

[Event "British Chess Championships 2023: U8 Championship"]
[Site "The Venue, De Montfort University, 20 Western Boulevard, Leicester, LE2 7BU"]
[Date "2023.07.28"]
[Round "6"]
[Board "8"]
[White "Gunarathne, Miheli"]
[Black "Feng, Hao-Hsuan"]
[Result "0-1"]
[WhiteElo "982"]
[BlackElo "824"]
[PlyCount "0"]
[EventDate "2023.07.25"]
[EventRounds "7"]
[EventCountry "ENG"]

1. e4 e5 2. Nf3 Nc6 3. Bb5 Nf6 4. Qe2 Bc5 5. c3 O-O 6. O-O a6 7. Ba4 b5 8. Bb3 b4
9. Nxe5 Nxe5 10. d4 a5 11. dxc5 bxc3 12. Nxc3 Ba6 13. Nb5 c6 14. a4 cxb5 15. axb5
Qb8 16. Rxa5 Bb7 17. Rxa8 Qxa8 18. f4 Bxe4 19. c6 Bd3 20. Qxe5 Bxf1 21. Kxf1 Qa1
22. Qc3 dxc6 23. bxc6 Qa6+ 24. Kg1 Rb8 25. c7 Rc8 26. Bc4 Qb6+ 27. Be3 Qxc7 28. b4
Qxc4 29. Qe5 Re8 30. Qc5 Qxc5 31. Bxc5 Nd7 32. Kf2 Nxc5 33. bxc5 Re4 34. c6 Rxf4+
35. Ke3 Rc4 36. g4 Rxg4 37. Kd3 Rg6 38. c7 Rd6+ 39. Kc4 Rc6+ 40. Kb5 Rxc7 41. h4
f5 42. h5 f4 43. h6 f3 44. hxg7 f2 45. Kb6 Rxg7 46. Ka5 f1=Q 47. Ka4 Qc4+ 48. Ka3
Qb5 49. Ka2 Ra7#  0-1

[Event "British Chess Championships 2023: U8 Championship"]
[Site "The Venue, De Montfort University, 20 Western Boulevard, Leicester, LE2 7BU"]
[Date "2023.07.28"]
[Round "6"]
[Board "9"]
[White "Kilambi, Aahna"]
[Black "Smirnov, Artem"]
[Result "0-1"]
[WhiteElo "1176"]
[BlackElo "1054"]
[PlyCount "0"]
[EventDate "2023.07.25"]
[EventRounds "7"]
[EventCountry "ENG"]

1. c4 c5 2. Nc3 d6 3. g3 e6 4. Bg2 Nf6 5. e3 Be7 6. Nge2 O-O 7. O-O Bd7 8. d4 cxd4
9. exd4 Qc7 10. b3 Nc6 11. Nf4 Rac8 12. d5 exd5 13. Nfxd5 Nxd5 14. Nxd5 Qd8 15. Bb2
Be6 16. Nxe7+ Qxe7 17. Re1 Qd7 18. Rc1 Rfe8 19. b4 Nxb4 20. Qd4 f6 21. a3 Nc6 22.
Qd2 Rcd8 23. Red1 Bh3 24. c5 Ne5 25. Bxe5 Bxg2 26. Kxg2 Qc6+ 27. Qd5+ Qxd5+ 28. Rxd5
dxe5 29. Rd6 Rxd6 30. cxd6 Rd8 31. Rd1 Kf7 32. Kf3 Ke6 33. d7 Rxd7 34. Rxd7 Kxd7
35. Ke4 Kc6 36. Kd3 Kb5 37. Kc2 Kc4 38. g4 g5 39. f3 h6 40. Kd2 Kb3 41. Kd3 Kxa3
42. Kc3 b5 43. h3 b4 44. Kc2 Ka2 45. Kd3 b3 46. Ke4 b2 47. Kf5 b1=Q+ 48. Kxf6 Qf1
49. Kg6 Qxh3 50. Kf5 Qxf3+ 51. Kxe5 Qxg4 52. Kd6 h5 53. Kc7 h4 54. Kb7 h3 55. Kxa7
h2 56. Kb7 h1=Q+ 57. Kc7 Qd4 58. Kb8 Qg7 59. Kc8 Qhh8#  0-1

[Event "British Chess Championships 2023: U8 Championship"]
[Site "The Venue, De Montfort University, 20 Western Boulevard, Leicester, LE2 7BU"]
[Date "2023.07.28"]
[Round "6"]
[Board "10"]
[White "Sandhu, Ronak"]
[Black "Zheng, Lucas"]
[Result "0-1"]
[WhiteElo "994"]
[BlackElo "1085"]
[PlyCount "0"]
[EventDate "2023.07.25"]
[EventRounds "7"]
[EventCountry "ENG"]

1. d4 d5 2. Bf4 e6 3. Nf3 Nf6 4. e3 c5 5. c3 Nc6 6. Bd3 Be7 7. Nbd2 O-O 8. O-O c4
9. Be2 Nh5 10. Bg3 Nxg3 11. fxg3 Bg5 12. Nxg5 Qxg5 13. Rf3 e5 14. h4 Qh6 15. e4 exd4
16. exd5 Ne5 17. Rf4 dxc3 18. bxc3 Qg6 19. Bg4 Bxg4 20. Qe1 Nd3 21. Qe3 Nxf4 22.
Qxf4 Rad8  0-1

[Event "British Chess Championships 2023: U8 Championship"]
[Site "The Venue, De Montfort University, 20 Western Boulevard, Leicester, LE2 7BU"]
[Date "2023.07.28"]
[Round "6"]
[Board "11"]
[White "Kamara, Alim"]
[Black "Dairi, Daniella"]
[Result "1-0"]
[WhiteElo "1057"]
[BlackElo "964"]
[PlyCount "0"]
[EventDate "2023.07.25"]
[EventRounds "7"]
[EventCountry "ENG"]

1. Nf3 e6 2. d4 Nf6 3. Nc3 Bb4 4. Bd2 Bxc3 5. Bxc3 d5 6. e3 Bd7 7. Bd3 Nc6 8. Bb5
a6 9. Bd3 O-O 10. O-O Ne4 11. Bxe4 dxe4 12. Ne5 Nxe5 13. dxe5 Qe8 14. Bb4 Bb5 15.
Re1 Rd8 16. Qc1 c5 17. Bxc5 Rc8 18. Bxf8 Qxf8 19. b3 Bc6 20. a4 h6 21. c3 b5 22.
axb5 axb5 23. c4 Qd8 24. Rd1 Qc7 25. f3 Bb7 26. Ra7 Qb6 27. Qa1 Qxe3+ 28. Kf1 Bc6
29. Ra8 Bxa8 30. Qa3 Qb6 31. c5 Rxc5 32. Qxa8+ Kh7 33. Qa3 b4 34. Qb2 Qb5+ 35. Kf2
Qb6 36. Qd4 Rc2+ 37. Ke1 Qb5 38. Qxe4+ f5 39. Qxc2  1-0

[Event "British Chess Championships 2023: U8 Championship"]
[Site "The Venue, De Montfort University, 20 Western Boulevard, Leicester, LE2 7BU"]
[Date "2023.07.28"]
[Round "6"]
[Board "12"]
[White "Li, Emmanuelle"]
[Black "Mun, Jasper"]
[Result "1-0"]
[WhiteElo "854"]
[BlackElo "736"]
[PlyCount "0"]
[EventDate "2023.07.25"]
[EventRounds "7"]
[EventCountry "ENG"]

1. e4 e5 2. Nf3 Nc6 3. Bb5 d6 4. O-O Bd7 5. c3 Nf6 6. Re1 Qe7 7. d4 O-O-O 8. Bg5
Qe6 9. Nbd2 exd4 10. cxd4 Re8 11. d5 Qe7 12. Bxc6 Bxc6 13. dxc6 bxc6 14. Qa4 Qd7
15. Qa6+ Kd8 16. Qxa7 Ke7 17. e5 dxe5 18. Rxe5+ Kd8 19. Qa8+ Qc8 20. Rxe8+ Kxe8 21.
Qxc8+ Ke7 22. Qxc7+ Ke8 23. Re1+ Be7 24. Qxe7#  1-0

[Event "British Chess Championships 2023: U8 Championship"]
[Site "The Venue, De Montfort University, 20 Western Boulevard, Leicester, LE2 7BU"]
[Date "2023.07.28"]
[Round "6"]
[Board "13"]
[White "Tang, Sara"]
[Black "Lath, Shlok"]
[Result "0-1"]
[WhiteElo "734"]
[BlackElo "842"]
[PlyCount "0"]
[EventDate "2023.07.25"]
[EventRounds "7"]
[EventCountry "ENG"]

1. e4 e5 2. Nf3 Nc6 3. Bc4 Bc5 4. O-O h6 5. Ne1 Nf6 6. Bb3 O-O 7. Qf3 d6 8. g4 Nxg4
9. Qg3 Nf6 10. Kh1 Nxe4 11. Qg2 Bf5 12. Rg1 Nxf2+ 13. Qxf2 Bxf2 14. Rf1 Be4+ 15.
Nf3 Bxf3#  0-1

[Event "British Chess Championships 2023: U8 Championship"]
[Site "The Venue, De Montfort University, 20 Western Boulevard, Leicester, LE2 7BU"]
[Date "2023.07.29"]
[Round "7"]
[Board "1"]
[White "Pradhan, Ayan"]
[Black "Gedge, Joshua"]
[Result "1-0"]
[WhiteElo "1692"]
[BlackElo "1309"]
[PlyCount "0"]
[EventDate "2023.07.25"]
[EventRounds "7"]
[EventCountry "ENG"]

1. e4 c5 2. Nc3 e6 3. Nge2 d5 4. exd5 exd5 5. d4 Nf6 6. g3 Bg4 7. Bg2 c4 8. Bg5 Bb4
9. Bxf6 Bxc3+ 10. Nxc3 Qxf6 11. Qxg4 Qe7+ 12. Qe2 Qxe2+ 13. Kxe2 Nc6 14. Rad1 Kd7
15. Bxd5 Rhe8+ 16. Kf3 f6 17. Bxc4 Rac8 18. Kg2 a6 19. Bb3 Kd6 20. a3 b5 21. a4 b4
22. Nd5 Rb8 23. Ne3 g6 24. h4 Re4 25. Nc4+ Kd7 26. Ne3 Nxd4 27. Bd5 Rbe8 28. Bxe4
Rxe4 29. c3 bxc3 30. bxc3 Re8 31. Rxd4+ Kc6 32. h5 g5 33. Rhd1 Re6 34. Nf5 Kc5 35.
Rd6 Re5 36. Rxf6 Kc4 37. Ne3+ Kxc3 38. Rxa6 g4 39. Rd5 Re7 40. Rd4 Re5 41. Rxg4 Rxh5
42. Rh4 Rc5 43. Rc4+ Rxc4 44. Nxc4 Kxc4 45. f4 Kd5 46. Rh6 Ke4 47. a5 Kd5 48. f5
Kc5 49. f6 Kb5 50. a6 Kxa6 51. f7+ Kb5 52. f8=Q Kc4 53. Rd6 Kc5 54. Rd7+ Kc4 55.
Qc8+ Kb5 56. Rb7+ Ka6 57. Qa8#  1-0

[Event "British Chess Championships 2023: U8 Championship"]
[Site "The Venue, De Montfort University, 20 Western Boulevard, Leicester, LE2 7BU"]
[Date "2023.07.29"]
[Round "7"]
[Board "2"]
[White "Prabhakaran, Anvikkashri"]
[Black "Kapitanski, Furion"]
[Result "0-1"]
[WhiteElo "1011"]
[BlackElo "1107"]
[PlyCount "0"]
[EventDate "2023.07.25"]
[EventRounds "7"]
[EventCountry "ENG"]

1. e4 e5 2. Nf3 Nc6 3. d4 exd4 4. Bc4 Nf6 5. e5 d5 6. Bb5 Ne4 7. Nxd4 Bd7 8. Nxc6
bxc6 9. Bd3 Bc5 10. Bxe4 dxe4 11. Be3 Bxe3 12. fxe3 Qg5 13. Qd2 Qxe5 14. Nc3 Qe6
15. O-O-O Rd8 16. Qd4 O-O 17. Nxe4 Qxa2 18. b3 Bg4 19. Qc3 Bxd1 20. Rxd1 Qa3+ 21.
Kb1 Rxd1#  0-1

[Event "British Chess Championships 2023: U8 Championship"]
[Site "The Venue, De Montfort University, 20 Western Boulevard, Leicester, LE2 7BU"]
[Date "2023.07.29"]
[Round "7"]
[Board "3"]
[White "Konara, Nuvee"]
[Black "Mulukutla, Ayaansh"]
[Result "0-1"]
[WhiteElo "1272"]
[BlackElo "1522"]
[PlyCount "0"]
[EventDate "2023.07.25"]
[EventRounds "7"]
[EventCountry "ENG"]

1. e4 c5 2. c4 e5 3. d3 d6 4. Nc3 Nc6 5. g4 Be7 6. Bg2 Nf6 7. h3 Nd7 8. Nge2 Nb6
9. Be3 Be6 10. Qd2 Qd7 11. Ng3 g6 12. Bg5 Bxg5 13. Qxg5 Qe7 14. Qxe7+ Kxe7 15. a3
Nd4 16. O-O-O a5 17. Nge2 Nb3+ 18. Kb1 Nc8 19. Nb5 Na7 20. Nc7 Rac8 21. Nxe6 fxe6
22. Rhf1 g5 23. Ka2 a4 24. Nc3 Nd4 25. Nxa4 Ne2 26. Nc3 Nf4 27. Rg1 Nc6 28. Rd2 Nd4
29. Bh1 Nxh3 30. Rf1 Rhf8 31. Nb5 Nxb5 32. cxb5 Rf7 33. a4 Rcf8 34. f3 Nf4 35. Ka3
Kd7 36. a5 Kc7 37. b4 cxb4+ 38. Kxb4 Kb8 39. Ra1 Ka7 40. a6 b6 41. d4 Rc7 42. dxe5
dxe5 43. Rd6 Rfc8 44. Rc6 Rxc6 45. bxc6 Rxc6 46. Ra3 Ne2 47. Ra1 Nd4 48. Ra2 Rc1
49. Bg2 Rc2 50. Rxc2 Nxc2+  0-1

[Event "British Chess Championships 2023: U8 Championship"]
[Site "The Venue, De Montfort University, 20 Western Boulevard, Leicester, LE2 7BU"]
[Date "2023.07.29"]
[Round "7"]
[Board "4"]
[White "Ewart, Thomas"]
[Black "Mohamed Nasrudeen Meeran, Muiz Ul Meeran"]
[Result "1-0"]
[WhiteElo "1002"]
[BlackElo "1112"]
[PlyCount "0"]
[EventDate "2023.07.25"]
[EventRounds "7"]
[EventCountry "ENG"]

1. d4 Nf6 2. c4 g6 3. Nf3 Bg7 4. g3 O-O 5. Bg2 d6 6. O-O Nbd7 7. Nc3 e5 8. Qc2 exd4
9. Nxd4 Ne5 10. Ne4 c5 11. Nb5 Nxe4 12. Qxe4 a6 13. Nc3 Rb8 14. Rd1 Be6 15. Nd5 f5
16. Qc2 Kh8 17. Bd2 Bxd5 18. Bxd5 Qf6 19. Bc3 Qe7 20. Rac1 b5 21. cxb5 axb5 22. Bg2
b4 23. Be1 Ng4 24. Qd2 Rbd8 25. e3 Qe5 26. b3 Rfe8 27. Qd5 Nf6 28. Qxe5 Rxe5 29.
Ra1 Ree8 30. a4 Ne4 31. a5 Bxa1 32. Rxa1 Re7 33. a6 Ra7 34. f3 Nf6 35. f4 Ne4 36.
Bf1 Nf6 37. Bg2 d5 38. Bf2 Rda8 39. Bf1 Ne8 40. e4 d4 41. exf5 gxf5 42. Rc1 Rc8 43.
Bxd4+ Kg8 44. Rxc5 Rxc5 45. Bxc5 Ra8 46. Bb5 Nc7 47. Bc4+ Kg7 48. Bxb4 Nxa6 49. Bxa6
Rxa6 50. Be1 Kg6 51. b4 Rb6 52. Kg2 Kh5 53. Kf3 h6 54. h3 Kg6 55. g4 fxg4+ 56. hxg4
Kf6 57. Bc3+ Kg6 58. f5+ Kg5 59. f6 Kg6 60. Ke4 Rc6 61. Kd3 Rc7 62. Kd4 Kxf6 63.
Kd3+ Rxc3+ 64. Kxc3 Ke7 65. Kd4 Kd6 66. Ke4 Ke6 67. b5 Kd6 68. Kf5 Kc5 69. Kg6 Kxb5
70. Kxh6 Kc6 71. g5 Kd7 72. g6 Ke8 73. g7 Kf7 74. Kh7 Kf6 75. g8=Q Kf5 76. Qg6+ Kf4
77. Qe6 Kg5 78. Qf7 Kg4 79. Qf6 Kg3 80. Qf5 Kg2 81. Qf4 Kh1 82. Qg4 Kh2 83. Kg6 Kh1
84. Kf5 Kh2 85. Kf4 Kh1 86. Kf3 Kh2 87. Qg2+  1-0

[Event "British Chess Championships 2023: U8 Championship"]
[Site "The Venue, De Montfort University, 20 Western Boulevard, Leicester, LE2 7BU"]
[Date "2023.07.29"]
[Round "7"]
[Board "5"]
[White "Saxena, Advik"]
[Black "Sobolevski, Damien"]
[Result "1-0"]
[WhiteElo "972"]
[BlackElo "1013"]
[PlyCount "0"]
[EventDate "2023.07.25"]
[EventRounds "7"]
[EventCountry "ENG"]

1. e4 d6 2. d4 Nf6 3. Nc3 g6 4. f3 c6 5. Be3 Nbd7 6. Qd2 b5 7. Nge2 Qa5 8. a3 b4
9. Na2 Qc7 10. Nxb4 Rb8 11. Qc3 Bb7 12. d5 c5 13. Ng3 Qa5 14. Na2 Qxc3+ 15. Nxc3
Bg7 16. Bd3 O-O 17. O-O Ne5 18. Be2 Bc8 19. b3 Ne8 20. f4 Ng4 21. Bd2 Ngf6 22. Nb5
Nxe4 23. Rad1 Nxg3 24. hxg3 Ba6 25. Nc3 Bxc3 26. Bxa6 Bg7 27. Rfe1 Nc7 28. Bc4 Rbe8
29. Ba5 Na8 30. Bb5 Rb8 31. Bc6 Bf6 32. g4 Rbc8 33. g5 Bd4+ 34. Kh1 e5 35. fxe5 Bxe5
36. b4 cxb4 37. Bxb4 Bf4 38. Re7 Bxg5 39. Rxa7 Bf4 40. Rf1 g5 41. c4 Nb6 42. c5 dxc5
43. Bxc5 Nc4 44. Bxf8 Kxf8 45. g3 Bxg3 46. Rfxf7+ Kg8 47. Rg7+ Kh8 48. Rxh7+ Kg8
49. Rhg7+ Kh8 50. Rxg5 Bf4 51. Rg4 Be3 52. Re7 Rb8 53. Rxc4 Rb1+ 54. Kg2 Rb2+ 55.
Kf3 Rb3 56. Rxe3 Rxe3+ 57. Kxe3 Kg7 58. Rf4 Kg6 59. Ke4 Kg5 60. Ke5 Kg6 61. Rf5 Kg7
62. Rf6 Kg8 63. Ke6 Kg7 64. Ke7 Kg8 65. Rf7 Kh8 66. a4 Kg8 67. d6 Kh8 68. d7 Kg8
69. d8=R+  1-0

[Event "British Chess Championships 2023: U8 Championship"]
[Site "The Venue, De Montfort University, 20 Western Boulevard, Leicester, LE2 7BU"]
[Date "2023.07.29"]
[Round "7"]
[Board "6"]
[White "Zheng, Lucas"]
[Black "Qin, Oscar"]
[Result "1-0"]
[WhiteElo "1085"]
[BlackElo "791"]
[PlyCount "0"]
[EventDate "2023.07.25"]
[EventRounds "7"]
[EventCountry "ENG"]

1. e4 e5 2. Bc4 Nf6 3. d3 Bc5 4. Nf3 Nc6 5. Nc3 d6 6. O-O Be6 7. Bb3 O-O 8. Bg5 h6
9. Bh4 Qe7 10. Bd5 Bxd5 11. Nxd5 g5 12. Nxe7+ Nxe7 13. Nxg5 hxg5 14. Bxg5 Kg7 15.
Qf3 Nfg8 16. Qg3 Ng6 17. h4 Nxh4 18. Bxh4+ Kh8 19. Kh2 Rae8 20. Rh1 Re6 21. Kg1 Rh6
22. Bf6+ Kh7 23. Qg7#  1-0

[Event "British Chess Championships 2023: U8 Championship"]
[Site "The Venue, De Montfort University, 20 Western Boulevard, Leicester, LE2 7BU"]
[Date "2023.07.29"]
[Round "7"]
[Board "7"]
[White "Makarabbi, Anvay"]
[Black "Gomez, Magnus"]
[Result "1-0"]
[WhiteElo "874"]
[BlackElo "990"]
[PlyCount "0"]
[EventDate "2023.07.25"]
[EventRounds "7"]
[EventCountry "ENG"]

1. d4 d5 2. c4 c6 3. Nc3 Bf5 4. Qb3 Qd7 5. cxd5 cxd5 6. Qxd5 e6 7. Qxd7+ Nxd7 8.
Bf4 Bb4 9. e3 Ngf6 10. Bc4 O-O 11. Nge2 Bg4 12. O-O Bxe2 13. Bxe2 Rac8 14. Nb5 a6
15. Nd6 Bxd6 16. Bxd6 Rfd8 17. Rac1 Ne4 18. Rxc8 Rxc8 19. Ba3 b5 20. Rd1 Nb6 21.
Bf3 Ng5 22. Bb7 Rb8 23. Bxa6 Nc4 24. h4 Ne4 25. f3 Nf6 26. e4 Ne8 27. Rc1 f6 28.
Bxb5 Nxa3 29. Bxe8 Rxb2 30. Rc8 g6 31. Ba4+ Kg7 32. Bb3 f5 33. exf5 gxf5 34. Bxe6
Nb5 35. Rb8 Kf6 36. Bc4 Rb1+ 37. Kh2 Na3 38. Rxb1 Nxb1 39. Kg3 Nc3 40. a3 h5 41.
Kf2 f4 42. Ke1 Nb1 43. a4 Na3 44. Bb5 Nc2+ 45. Kd2 Nxd4 46. Be8 Ke5 47. Bxh5 Nf5
48. a5 Kd6 49. Bg4 Nxh4 50. Bh3 Kc6 51. Kd3 Kb5 52. Ke4 Ng6 53. Kf5 Ne7 54. Kxf4
Nd5+ 55. Ke5 Ne7 56. g4 Ng6 57. Kf6 Nf4 58. g5 Nd5+ 59. Ke5 Ne7 60. Bf5 Nc6 61. Kf6
Nb8 62. g6 Nd7+ 63. Bxd7+ Kxa5 64. g7 Ka6 65. g8=R Kb7 66. Rc8 Kb6 67. Ke5 Kb7 68.
Kd6 Kb6 69. Rb8+ Ka7 70. Rb1 Ka8 71. Kc7 Ka7 72. Ra1#  1-0

[Event "British Chess Championships 2023: U8 Championship"]
[Site "The Venue, De Montfort University, 20 Western Boulevard, Leicester, LE2 7BU"]
[Date "2023.07.29"]
[Round "7"]
[Board "8"]
[White "Feng, Hao-Hsuan"]
[Black "Cawdery, Mary"]
[Result "0-1"]
[WhiteElo "824"]
[BlackElo "891"]
[PlyCount "0"]
[EventDate "2023.07.25"]
[EventRounds "7"]
[EventCountry "ENG"]

1. d4 d5 2. Bf4 e6 3. c4 Nf6 4. Nf3 Be7 5. e3 O-O 6. c5 Nbd7 7. Bd3 Ne4 8. Nc3 Ndf6
9. Be5 Nxc3 10. bxc3 h6 11. O-O Ne4 12. g3 Nxc3 13. Qd2 Ne4 14. Bxe4 dxe4 15. Nh4
f6 16. Ng6 Re8 17. Bf4 e5 18. Bxe5 fxe5 19. Nxe5 Bxc5 20. Qc3 Bb6 21. f4 Rf8 22.
Qb3+ Kh7 23. f5 Rxf5 24. Qc2 Qd5 25. Qe2 Be6 26. Rxf5 Bxf5 27. g4 Be6 28. Qc2 Bxd4
29. Nf3 Bxa1 30. Nd2 Bxg4 31. Nxe4 Bf5 32. Nf6+ Bxf6 33. e4 Bxe4 34. Qe2 Bd4+ 35.
Kf1 Rf8+ 36. Ke1 Bc3+ 37. Qd2 Qxd2#  0-1

[Event "British Chess Championships 2023: U8 Championship"]
[Site "The Venue, De Montfort University, 20 Western Boulevard, Leicester, LE2 7BU"]
[Date "2023.07.29"]
[Round "7"]
[Board "9"]
[White "Smirnov, Artem"]
[Black "Gunarathne, Miheli"]
[Result "0-1"]
[WhiteElo "1054"]
[BlackElo "982"]
[PlyCount "0"]
[EventDate "2023.07.25"]
[EventRounds "7"]
[EventCountry "ENG"]

1. d4 e6 2. c4 d5 3. Nc3 Nf6 4. Bg5 h6 5. Bh4 g5 6. Bg3 dxc4 7. e3 Bb4 8. Qc2 Nc6
9. a3 Bxc3+ 10. Qxc3 Qe7 11. Bxc4 Ne4 12. Qc2 Nxg3 13. hxg3 Bd7 14. Nf3 O-O-O 15.
O-O h5 16. Ne5 h4 17. Rac1 Nxe5 18. dxe5 h3 19. gxh3 Rxh3 20. Rfd1 Bc6 21. Bf1 Rh1#
 0-1

[Event "British Chess Championships 2023: U8 Championship"]
[Site "The Venue, De Montfort University, 20 Western Boulevard, Leicester, LE2 7BU"]
[Date "2023.07.29"]
[Round "7"]
[Board "10"]
[White "Kilambi, Aahna"]
[Black "Kamara, Alim"]
[Result "1-0"]
[WhiteElo "1176"]
[BlackElo "1057"]
[PlyCount "0"]
[EventDate "2023.07.25"]
[EventRounds "7"]
[EventCountry "ENG"]

1. c4 c5 2. Nc3 Nf6 3. g3 Nc6 4. Bg2 e5 5. e3 Be7 6. Nge2 g5 7. O-O O-O 8. d4 e4
9. Nxe4 Nxe4 10. Bxe4 h6 11. dxc5 Bxc5 12. b3 d5 13. cxd5 Bh3 14. Bg2 Bxg2 15. Kxg2
g4 16. Nf4 Qe8 17. Qxg4+ Kh8 18. Bb2+ Bd4 19. exd4 Qe4+ 20. f3 Qc2+ 21. Rf2 Qh7 22.
dxc6 f5 23. d5+ Rf6 24. Bxf6+ Qg7 25. Qxg7#  1-0

[Event "British Chess Championships 2023: U8 Championship"]
[Site "The Venue, De Montfort University, 20 Western Boulevard, Leicester, LE2 7BU"]
[Date "2023.07.29"]
[Round "7"]
[Board "11"]
[White "Dairi, Daniella"]
[Black "Sandhu, Ronak"]
[Result "0-1"]
[WhiteElo "964"]
[BlackElo "994"]
[PlyCount "0"]
[EventDate "2023.07.25"]
[EventRounds "7"]
[EventCountry "ENG"]

1. e4 d6 2. Nf3 Nf6 3. Nc3 g6 4. d4 Bg7 5. e5 dxe5 6. dxe5 Qxd1+ 7. Nxd1 Nfd7 8.
Bf4 O-O 9. Nc3 Nc6 10. O-O-O Ncxe5 11. Nxe5 Nxe5 12. Bxe5 Bxe5 13. Na4 Bf5 14. Bb5
c6 15. Bc4 b5 16. Rhe1 Bg7 17. Rxe7 bxc4 18. Nc5 Bf6 19. Rc7 Rfc8 20. Rb7 Bg5+ 21.
Kb1 a5 22. Na4 Rd8 23. Re1 Bd2 24. Rd1 Bb4 25. Rc1 Rd2 26. a3 Bd6 27. Nb6 Rb8 28.
Ra7 Rxb6 29. Rxa5 Bxh2 30. Ra8+ Rb8 31. Ra6 Bf4 32. Rxc6 Rxf2 33. Rxc4 Bxc1 34. Kxc1
Rc8 35. Rd4 Rcxc2+ 36. Kd1 Rf1#  0-1

[Event "British Chess Championships 2023: U8 Championship"]
[Site "The Venue, De Montfort University, 20 Western Boulevard, Leicester, LE2 7BU"]
[Date "2023.07.29"]
[Round "7"]
[Board "12"]
[White "Lath, Shlok"]
[Black "Li, Emmanuelle"]
[Result "1-0"]
[WhiteElo "842"]
[BlackElo "854"]
[PlyCount "0"]
[EventDate "2023.07.25"]
[EventRounds "7"]
[EventCountry "ENG"]

1. e4 e5 2. Nf3 Nc6 3. Bc4 Nf6 4. Nc3 Bb4 5. Ng5 O-O 6. d3 d5 7. exd5 Nxd5 8. Bxd5
Qxd5 9. O-O Bxc3 10. bxc3 Qc5 11. Bd2 Bf5 12. Qf3 Bg6 13. c4 Rae8 14. Be3 Qd6 15.
c5 Qd7 16. Qh3 Qd8 17. Ne4 Bxe4 18. dxe4 Qf6 19. Rab1 b6 20. Rb3 Rd8 21. Re1 Qe7
22. Rc3 Qe8 23. Qg3 Qe6 24. Bg5 Rb8 25. Ra3 Rfe8 26. Rb3 Qg6 27. cxb6 axb6 28. Rd1
Rbd8 29. Bxd8 Nxd8 30. Qxg6 fxg6 31. Rd7 Ne6 32. Rd5 c6 33. Rxe5 Rd8 34. h3 Nf4 35.
g3 Ne2+ 36. Kg2 Rf8 37. Rxb6 Rc8 38. Rc5 Nd4 39. c3 Ne2 40. Rbxc6 Rxc6 41. Rxc6 Nc1
42. a4 Nb3 43. Rb6 Nc5 44. a5 Nd7 45. Rb7 Nc5 46. Rb8+ Kf7 47. Ra8 Nb7 48. Ra7  1-0